<?xml version="1.0" encoding="UTF-8"?>
<collection xmlns="http://www.loc.gov/MARC21/slim">
    <record>
        <controlfield tag="001">68921</controlfield>
        <controlfield tag="005">20180223095448.0</controlfield>
        <datafield tag="037" ind1=" " ind2=" ">
            <subfield code="a">GDOC-2016-66821</subfield>
        </datafield>
        <datafield tag="041" ind1=" " ind2=" ">
            <subfield code="a">spa</subfield>
        </datafield>
        <datafield tag="100" ind1=" " ind2=" ">
            <subfield code="0">(orcid)0000-0002-1151-1661</subfield>
            <subfield code="1">127468</subfield>
            <subfield code="a">Plo Alastrué, Ramón</subfield>
        </datafield>
        <datafield tag="245" ind1="0" ind2="0">
            <subfield code="9">66821</subfield>
            <subfield code="a">Inglés: Traducción de textos científicos, técnicos y biomédicos</subfield>
        </datafield>
        <datafield tag="260" ind1=" " ind2=" ">
            <subfield code="a">Zaragoza</subfield>
            <subfield code="b">Universidad de Zaragoza</subfield>
            <subfield code="c">2016-2017</subfield>
        </datafield>
        <datafield tag="520" ind1=" " ind2=" ">
            <subfield code="a">Breve presentación de la asignatura
En esta asignatura obligatoria se abordan, con carácter aplicado, los principios teóricos y metodológicos de la traducción de textos especializados en lengua inglesa. Las áreas de traducción especializada con las que se trabaja en esta asignatura son las siguientes: biomédica, científica y técnica.</subfield>
            <subfield code="b"> </subfield>
        </datafield>
        <datafield tag="521" ind1=" " ind2=" ">
            <subfield code="9">638</subfield>
            <subfield code="a">Traducción de textos especializados</subfield>
        </datafield>
        <datafield tag="540" ind1=" " ind2=" ">
            <subfield code="a">by-nc-sa</subfield>
            <subfield code="b">Creative Commons</subfield>
            <subfield code="c">3.0</subfield>
            <subfield code="u">http://creativecommons.org/licenses/by-nc-sa/3.0/</subfield>
        </datafield>
        <datafield tag="700" ind1=" " ind2=" ">
            <subfield code="0">(orcid)0000-0003-1369-3590</subfield>
            <subfield code="1">321834</subfield>
            <subfield code="a">Murillo Ornat, Silvia</subfield>
        </datafield>
        <datafield tag="830" ind1=" " ind2=" ">
            <subfield code="9">556</subfield>
        </datafield>
        <datafield tag="856" ind1="4" ind2=" ">
            <subfield code="s">11261</subfield>
            <subfield code="u">http://zaguan.unizar.es/record/68921/files/guia-66821-en.pdf</subfield>
            <subfield code="y">Guide (english)</subfield>
        </datafield>
        <datafield tag="856" ind1="4" ind2=" ">
            <subfield code="s">18759</subfield>
            <subfield code="u">http://zaguan.unizar.es/record/68921/files/guia-66821-es.pdf</subfield>
            <subfield code="y">Guía (idioma español)</subfield>
        </datafield>
        <datafield tag="970" ind1=" " ind2=" ">
            <subfield code="a">GDOC-2016-66821</subfield>
        </datafield>
        <datafield tag="980" ind1=" " ind2=" ">
            <subfield code="a">GDOC</subfield>
            <subfield code="b">Artes y humanidades</subfield>
            <subfield code="c">103</subfield>
        </datafield>
    </record>

    
</collection>